[Event "Superettan(Upsala-Vasteras II)"]
[Site "?"]
[Date "2020.02.01"]
[Round "5"]
[White "Nilsson, Joakim"]
[Black "Landgren, Andreas"]
[Result "1/2-1/2"]
[WhiteElo "2220"]
[BlackElo "2239"]
[PlyCount "48"]
[EventDate "2020.??.??"]
1. d4 Nf6 2. c4 e6 3. g3 d5 4. Nf3 dxc4 5. Bg2 c5 6. O-O Nc6 7. Qa4 Bd7 8. Qxc4
cxd4 9. Nxd4 Rc8 10. Nxc6 Bxc6 11. Bxc6+ Rxc6 12. Qa4 Bc5 13. Nc3 O-O 14. Bg5
h6 15. Rad1 Qe7 16. Bxf6 Qxf6 17. Rd7 Rfc8 18. Rxb7 Bb6 19. Rd7 Rc4 20. Qd1 h5
21. Qd3 Rb4 22. Qd2 Rbc4 23. Qd3 Rb4 24. Qd2 Rbc4 1/2-1/2

[Event "Superettan(Team Pelaro-Schack 08)"]
[Site "?"]
[Date "2020.02.01"]
[Round "5"]
[White "Schekachikhin, Maksim"]
[Black "Nyander, Joakim"]
[Result "0-1"]
[WhiteElo "2389"]
[BlackElo "2232"]
[PlyCount "78"]
[EventDate "2020.??.??"]
1. d4 Nf6 2. c4 c5 3. d5 e5 4. Nc3 d6 5. e4 Be7 6. Be2 O-O 7. Nf3 Ne8 8. O-O
Nd7 9. a3 g6 10. Ne1 Bg5 11. Nd3 Ng7 12. b4 b6 13. Bb2 Qe7 14. a4 a5 15. bxa5
bxa5 16. Rb1 Nb8 17. g3 f5 18. Bf3 Na6 19. Bg2 Nb4 20. f4 exf4 21. gxf4 fxe4
22. Nxe4 Bh4 23. Nxb4 axb4 24. Ng3 Qe3+ 25. Kh1 Bxg3 26. Bxg7 Kxg7 27. Rb3 Qe8
28. Rxg3 Qxa4 29. Qe2 Qe8 30. Re3 Qd8 31. Re7+ Rf7 32. Qb2+ Kg8 33. Re3 Bf5 34.
Rfe1 Qf6 35. Qc1 Ra2 36. Re8+ Kg7 37. Qd1 Qc3 38. R8e3 Qxc4 39. Qf3 Qd4 0-1

[Event "Superettan(Upsala-Vasteras II)"]
[Site "?"]
[Date "2020.02.01"]
[Round "5"]
[White "Jonsson, Mikael"]
[Black "Burwick, Malte"]
[Result "0-1"]
[WhiteElo "2225"]
[BlackElo "2254"]
[PlyCount "64"]
[EventDate "2020.??.??"]
1. e4 g6 2. d4 Bg7 3. Nc3 d6 4. Be3 a6 5. Qd2 b5 6. f3 Nd7 7. O-O-O c6 8. Kb1
Qa5 9. h4 Nb6 10. a3 h5 11. Nh3 Bxh3 12. Rxh3 Nf6 13. Qe1 Nc4 14. Bxc4 bxc4 15.
Bg5 Rb8 16. Ka2 Qb6 17. Bc1 Nd7 18. e5 dxe5 19. dxe5 Nxe5 20. g4 hxg4 21. fxg4
Nxg4 22. h5 Rxh5 23. Rxh5 gxh5 24. Ne4 Kf8 25. Rd7 Ne5 26. Rd1 Nf3 27. Qg3 Ne5
28. Rf1 Qb5 29. Ng5 Kg8 30. Rf5 e6 31. Rxf7 Nxf7 32. Nxe6 Qe5 0-1

[Event "Superettan(Team Pelaro-Schack 08)"]
[Site "?"]
[Date "2020.02.01"]
[Round "5"]
[White "Wikstrom, Per"]
[Black "Sorensen, Hampus"]
[Result "0-1"]
[WhiteElo "2161"]
[BlackElo "2384"]
[PlyCount "88"]
[EventDate "2020.??.??"]
1. d4 d5 2. Bf4 Nf6 3. e3 c5 4. c3 Nc6 5. Nd2 e6 6. Ngf3 Be7 7. Bd3 Nh5 8. Bg3
Nxg3 9. hxg3 h6 10. Qe2 a6 11. Ne5 Nxe5 12. dxe5 Qc7 13. f4 Bd7 14. a3 a5 15.
Nf3 a4 16. g4 O-O-O 17. c4 dxc4 18. Bxc4 b5 19. Bd3 Bc6 20. Kf2 Qb6 21. Rad1 c4
22. Bc2 Bc5 23. Rxd8+ Rxd8 24. Rd1 Rxd1 25. Bxd1 Be4 26. Qd2 g5 27. g3 Qd8 28.
Qxd8+ Kxd8 29. Nd4 b4 30. Bxa4 Bxd4 31. exd4 c3 32. bxc3 bxa3 33. Bb3 Bb1 34.
d5 a2 35. Bxa2 Bxa2 36. dxe6 Bxe6 37. f5 Bb3 38. Ke3 Bd1 39. c4 Bxg4 40. Ke4 h5
41. c5 Kd7 42. e6+ fxe6 43. f6 Bf5+ 44. Ke5 Bg6 0-1

[Event "Superettan(Upsala-Vasteras II)"]
[Site "?"]
[Date "2020.02.01"]
[Round "5"]
[White "Johansson, Carl Fredrik"]
[Black "Janse, Love"]
[Result "0-1"]
[WhiteElo "2204"]
[BlackElo "2214"]
[PlyCount "88"]
[EventDate "2020.??.??"]
1. d4 f5 2. Bf4 Nf6 3. e3 g6 4. h4 h6 5. Nc3 Bg7 6. Qf3 d6 7. O-O-O Nbd7 8. h5
g5 9. Bxg5 hxg5 10. Qxf5 Bh6 11. Qg6+ Kf8 12. Nf3 Qe8 13. Qd3 Qf7 14. Kb1 Rg8
15. Be2 c6 16. Rdg1 Nb6 17. e4 Be6 18. Qd2 Qh7 19. g4 Nxe4 20. Nxe4 Qxe4 21.
Nh4 Ke8 22. Bd3 Qd5 23. b3 Kd7 24. Nf5 Bxf5 25. Bxf5+ e6 26. Bg6 Bg7 27. c3
Rgf8 28. Re1 Rf4 29. Qd3 Qf3 30. Qc2 Nd5 31. Bd3 Raf8 32. h6 Bh8 33. Rh5 Qxf2
34. Qc1 Nxc3+ 35. Qxc3 Bxd4 36. Qc1 Rxg4 37. h7 Rg2 38. Re2 Qf3 39. Rxg2 Qxg2
40. Rxg5 Qh3 41. Qd1 Rf2 42. h8=Q Rb2+ 43. Ka1 Bxh8 44. Qh5 Rxb3+ 0-1

[Event "Superettan(Team Pelaro-Schack 08)"]
[Site "?"]
[Date "2020.02.01"]
[Round "5"]
[White "Winsnes, Rikard"]
[Black "Ottenklev, Niclas"]
[Result "1-0"]
[WhiteElo "2372"]
[BlackElo "2192"]
[PlyCount "71"]
[EventDate "2020.??.??"]
1. e4 e6 2. d4 d5 3. Nd2 Nc6 4. Ngf3 Nf6 5. e5 Nd7 6. Bd3 f6 7. Ng5 Ndxe5 8.
dxe5 fxg5 9. Qh5+ Kd7 10. Nf3 Be7 11. O-O Qe8 12. Qh3 h6 13. c4 Nb4 14. cxd5
Nxd3 15. dxe6+ Kd8 16. Qf5 Nxc1 17. Rd1+ Bd6 18. Raxc1 Qxe6 19. Qc2 Bd7 20.
exd6 c6 21. Qc3 Qf6 22. Qa5+ b6 23. Qa6 Bc8 24. Qc4 Bd7 25. Nd4 c5 26. Qd5 Rc8
27. Qb7 Rf8 28. Qxa7 Qxd6 29. Nb5 Qc6 30. a4 Rf6 31. Rd2 Ke8 32. Rcd1 Rd8 33.
h3 Ke7 34. f3 Qe6 35. Kh1 Rxf3 36. Rxd7+ 1-0

[Event "Superettan(Upsala-Vasteras II)"]
[Site "?"]
[Date "2020.02.01"]
[Round "5"]
[White "Kretz, Johan"]
[Black "Malm Lindberg, Henrik"]
[Result "0-1"]
[WhiteElo "2204"]
[BlackElo "2186"]
[PlyCount "114"]
[EventDate "2020.??.??"]
1. d4 Nf6 2. c4 e6 3. Nf3 Bb4+ 4. Bd2 a5 5. g3 d5 6. Qc2 Nc6 7. Bg2 dxc4 8.
Qxc4 Qd5 9. Qxd5 exd5 10. O-O Be6 11. Rc1 Ne4 12. e3 O-O 13. a3 Bd6 14. Nc3
Nxc3 15. Bxc3 a4 16. Ne5 Na5 17. Bxa5 Rxa5 18. Nd3 c6 19. Bf1 Re8 20. Rc3 Rb5
21. Nc5 Rxb2 22. Nxa4 Rd2 23. Nc5 Bxc5 24. Rxc5 Ra8 25. a4 Rb2 26. a5 Bd7 27.
a6 b6 28. Rcc1 Ra7 29. Bd3 f5 30. h3 Kf7 31. g4 g6 32. gxf5 gxf5 33. Kg2 Ke7
34. Kg3 Kd6 35. Rcb1 Rd2 36. Ra3 b5 37. f3 Bc8 38. Kf4 Rf2 39. h4 Rxa6 40. Rxa6
Bxa6 41. Bxf5 h6 42. h5 Rg2 43. Bg4 c5 44. Ra1 Bb7 45. Ra7 Bc6 46. Rh7 c4 47.
e4 dxe4 48. Rxh6+ Kc7 49. Rg6 c3 50. Rg5 exf3 51. Rc5 Rxg4+ 52. Kxg4 f2 53. d5
f1=Q 54. Rxc6+ Kd8 55. Rxc3 Qd1+ 56. Rf3 Qxd5 57. h6 Qe4+ 0-1

[Event "Superettan(Team Pelaro-Schack 08)"]
[Site "?"]
[Date "2020.02.01"]
[Round "5"]
[White "Sternlund, Hakan"]
[Black "Andreasson, Ingvar"]
[Result "1/2-1/2"]
[WhiteElo "2104"]
[BlackElo "2327"]
[PlyCount "47"]
[EventDate "2020.??.??"]
1. c4 g6 2. g3 Bg7 3. Bg2 Nf6 4. Nc3 O-O 5. e4 c5 6. Nge2 Nc6 7. O-O Ne8 8. d3
Nc7 9. Rb1 d6 10. a3 a5 11. f4 Bg4 12. Bf3 Bxf3 13. Rxf3 Rb8 14. a4 f5 15. Nb5
Ne6 16. Kg2 Qe8 17. Be3 Qf7 18. Rf1 Rbd8 19. b3 Ned4 20. Nbxd4 cxd4 21. Bd2 Qe6
22. Qc2 Rf7 23. Rbe1 Qc8 24. Ng1 1/2-1/2

[Event "Superettan(Upsala-Vasteras II)"]
[Site "?"]
[Date "2020.02.01"]
[Round "5"]
[White "Wagner, Stephan"]
[Black "Granath, Jonas"]
[Result "1-0"]
[WhiteElo "2185"]
[BlackElo "1760"]
[PlyCount "45"]
[EventDate "2020.??.??"]
1. c4 e5 2. Nc3 Nf6 3. g3 d5 4. cxd5 Nxd5 5. Bg2 Nb6 6. Nf3 Nc6 7. d3 Be7 8.
Be3 O-O 9. a3 Be6 10. O-O f5 11. b4 Bf6 12. Rc1 Qe7 13. Bc5 Qf7 14. Bxf8 Qxf8
15. Nd2 a5 16. b5 Nd4 17. e3 Qxa3 18. exd4 exd4 19. Ne2 Qxd3 20. Nf4 Qxb5 21.
Nxe6 Qd7 22. Nxc7 Rc8 23. Qb3+ 1-0

[Event "Superettan(Team Pelaro-Schack 08)"]
[Site "?"]
[Date "2020.02.01"]
[Round "5"]
[White "Agrest, Inna"]
[Black "Bjorkeroth, Johan"]
[Result "1-0"]
[WhiteElo "2290"]
[BlackElo "2149"]
[PlyCount "121"]
[EventDate "2020.??.??"]
1. e4 c6 2. d4 d5 3. f3 e5 4. dxe5 Bc5 5. Nc3 Qb6 6. Na4 Bf2+ 7. Ke2 Qd4 8.
Qxd4 Bxd4 9. exd5 Bxe5 10. dxc6 Nxc6 11. c3 Nge7 12. Nc5 O-O 13. g3 Nd5 14. Kf2
Bc7 15. Bc4 Nce7 16. Kg2 a6 17. Ne2 Rd8 18. Nd4 Bb6 19. Ncb3 Nf5 20. Re1 Nxd4
21. Nxd4 Bxd4 22. cxd4 Be6 23. Bg5 Rd6 24. Bb3 h6 25. Bd2 Rc8 26. Rac1 Rdc6 27.
Rxc6 Rxc6 28. Kf2 Nc7 29. Bxe6 fxe6 30. Rc1 Rxc1 31. Bxc1 Nd5 32. Ke2 Kf7 33.
Bd2 b5 34. Kd3 h5 35. Ke4 Ke7 36. Ke5 Nb6 37. Bb4+ Kd7 38. b3 Nd5 39. Bd2 Ke7
40. h3 Kd7 41. g4 Nf6 42. Bg5 hxg4 43. fxg4 Nd5 44. Bd2 Ne7 45. Ke4 Nd5 46. Ke5
Ne7 47. a3 Ng6+ 48. Ke4 Kc6 49. Bg5 Nf8 50. Ke5 Kd7 51. h4 Nh7 52. Bd2 Nf6 53.
g5 Nh5 54. Be1 Ke7 55. Bb4+ Kd7 56. Bd2 Ke7 57. d5 exd5 58. Kxd5 Kd7 59. Kc5
Kc7 60. Bc3 Nf4 61. Be5+ 1-0

[Event "Superettan(Upsala-Vasteras II)"]
[Site "?"]
[Date "2020.02.01"]
[Round "5"]
[White "Bjorkman, Filip"]
[Black "Kashebayev, Azamat"]
[Result "0-1"]
[WhiteElo "1950"]
[BlackElo "2186"]
[PlyCount "68"]
[EventDate "2020.??.??"]
1. e4 e6 2. d4 d5 3. Nd2 Nf6 4. e5 Nfd7 5. Bd3 c5 6. c3 Nc6 7. Ne2 cxd4 8. cxd4
f6 9. exf6 Nxf6 10. Nf3 Bd6 11. O-O Qc7 12. Bg5 O-O 13. Bh4 Nb4 14. Rc1 Qa5 15.
Qd2 Ne4 16. Bxe4 dxe4 17. Ng5 Qf5 18. f3 exf3 19. Rxf3 Qg4 20. Rxf8+ Bxf8 21.
Bg3 Nxa2 22. Rf1 Be7 23. Nf7 b6 24. h3 Qe4 25. Be5 Bb7 26. Ng3 Qd5 27. Rf3 Rf8
28. Qf4 Qd7 29. Rf2 Qe8 30. Nh6+ gxh6 31. Qxh6 Qg6 32. Rxf8+ Bxf8 33. Qh4 Nb4
34. Qd8 Nc6 0-1

[Event "Superettan(Team Pelaro-Schack 08)"]
[Site "?"]
[Date "2020.02.01"]
[Round "5"]
[White "Wiklund, Johan"]
[Black "Bjorklund, Thomas"]
[Result "0-1"]
[WhiteElo "1941"]
[BlackElo "2170"]
[PlyCount "62"]
[EventDate "2020.??.??"]
1. Nf3 Nf6 2. c4 c5 3. d4 e6 4. Nc3 d5 5. cxd5 exd5 6. Bg5 Be6 7. g3 Be7 8. Bg2
Nc6 9. O-O O-O 10. Rc1 b6 11. dxc5 bxc5 12. Bxf6 Bxf6 13. Na4 c4 14. b3 Qe7 15.
bxc4 dxc4 16. Nc3 Rad8 17. Qa4 Nd4 18. Nxd4 Bxd4 19. e4 Qc5 20. Nd5 Bxd5 21.
exd5 c3 22. Rc2 Rd6 23. Rd1 Bf6 24. Kh1 Rfd8 25. Re1 g6 26. h3 Kg7 27. Kh2 Rb8
28. Ree2 Rb2 29. Kh1 Bd4 30. f4 Rb1+ 31. Kh2 Bg1+ 0-1

[Event "Superettan(Upsala-Vasteras II)"]
[Site "?"]
[Date "2020.02.01"]
[Round "5"]
[White "Marttala, Thomas"]
[Black "Backman, Andreas"]
[Result "1-0"]
[WhiteElo "2143"]
[BlackElo "2103"]
[PlyCount "113"]
[EventDate "2020.??.??"]
1. Nf3 g6 2. d4 Bg7 3. e4 d6 4. Be2 Nd7 5. O-O e5 6. c3 Ngf6 7. Nbd2 O-O 8. Re1
Re8 9. Qc2 d5 10. dxe5 Nxe5 11. Nxe5 Rxe5 12. f4 Re8 13. e5 Ng4 14. Nf3 f6 15.
h3 Nh6 16. Be3 Nf7 17. exf6 Bxf6 18. Qd2 c6 19. Bd3 Nd6 20. Qf2 Ne4 21. Bxe4
Rxe4 22. Bxa7 Rxf4 23. Bb6 Qf8 24. Bc5 Qf7 25. Qg3 Re4 26. Ng5 Bxg5 27. Rxe4
dxe4 28. Qxg5 Bf5 29. Rd1 Re8 30. Rd8 e3 31. Bxe3 Qe6 32. b4 Kf7 33. Rxe8 Kxe8
34. Qf4 h5 35. Qb8+ Qc8 36. Qe5+ Qe6 37. Qh8+ Kd7 38. Bb6 Qe8 39. Qg7+ Qe7 40.
Qh8 Qe1+ 41. Kh2 Qe7 42. Bc5 Qf7 43. Qb8 Qe8 44. Qxb7+ Ke6 45. Qc7 Kd5 46. Qd6+
Kc4 47. Qd4+ Kb5 48. Ba7 Ka4 49. b5+ Ka3 50. Bc5+ Kxa2 51. b6 Qb8+ 52. Bd6 Qb7
53. c4 Kb3 54. Be5 c5 55. Qc3+ Ka4 56. Qb2 Be4 57. Bc3 1-0

[Event "Superettan(Team Pelaro-Schack 08)"]
[Site "?"]
[Date "2020.02.01"]
[Round "5"]
[White "Rasti, Arvin"]
[Black "Stenman, Christoffer"]
[Result "0-1"]
[WhiteElo "2164"]
[BlackElo "1936"]
[PlyCount "86"]
[EventDate "2020.??.??"]
1. d4 d5 2. c4 e6 3. Nf3 c6 4. Nc3 dxc4 5. a4 Bb4 6. e3 b5 7. Bd2 a5 8. axb5
Bxc3 9. Bxc3 cxb5 10. b3 Bb7 11. bxc4 b4 12. Bb2 Nf6 13. Bd3 Nbd7 14. Nd2 Bc6
15. Bc2 Qb8 16. e4 e5 17. f4 exd4 18. e5 O-O 19. O-O d3 20. Bxd3 Nc5 21. exf6
Nxd3 22. Bd4 Rd8 23. Qg4 g6 24. f5 Qd6 25. Be3 Re8 26. fxg6 hxg6 27. Bh6 Qc5+
28. Kh1 Nf2+ 29. Rxf2 Qxf2 30. h4 Re1+ 31. Rxe1 Qxe1+ 32. Kh2 Qe5+ 33. Bf4 Qxf6
34. c5 Qf5 35. Qg3 a4 36. Nc4 a3 37. Ne5 Bd5 38. Ng4 Kh7 39. Be5 Ra6 40. Bd4 b3
41. Qb8 Ra8 42. Qg3 b2 43. Nf6+ Qxf6 0-1

[Event "Superettan(Orgryte-Kamraterna)"]
[Site "?"]
[Date "2020.02.01"]
[Round "5"]
[White "Hamark, Jesper"]
[Black "Frisk Kockum, Anton"]
[Result "1-0"]
[WhiteElo "2353"]
[BlackElo "2357"]
[PlyCount "75"]
[EventDate "2020.??.??"]
1. c4 g5 2. d4 Bg7 3. Nc3 c5 4. dxc5 h6 5. e4 Na6 6. Be3 Qa5 7. Bd4 Bxd4 8.
Qxd4 Nf6 9. e5 Nh5 10. h4 Nxc5 11. hxg5 Nb3 12. Qd5 Qxd5 13. Nxd5 Nxa1 14. Nc7+
Kd8 15. Nxa8 Nf4 16. Kd2 d6 17. exd6 exd6 18. g3 Ne6 19. f4 Nc5 20. Rxh6 Ne4+
21. Kd3 Re8 22. Bh3 Bxh3 23. Nxh3 Kc8 24. Rh7 Nc5+ 25. Kd2 Kb8 26. Rxf7 Ne4+
27. Kd3 Nc5+ 28. Kd2 Ne4+ 29. Kc1 Nxg3 30. g6 Ne2+ 31. Kd2 Nd4 32. g7 Ne6 33.
Ng5 Nxg7 34. Rxg7 Kxa8 35. Rh7 a5 36. Rh1 Rf8 37. Nh3 Rh8 38. Kc1 1-0

[Event "Superettan(Kristallen-Rockaden,SthlmII)"]
[Site "?"]
[Date "2020.02.01"]
[Round "5"]
[White "Engqvist, Thomas"]
[Black "Lindh, Fredrik"]
[Result "0-1"]
[WhiteElo "2325"]
[BlackElo "2284"]
[PlyCount "120"]
[EventDate "2020.??.??"]
[SourceDate "2020.02.14"]
1. Nf3 Nf6 2. c4 g6 3. b3 Bg7 4. Bb2 O-O 5. g3 c6 6. Bg2 d5 7. O-O Bg4 8. h3
Bxf3 9. exf3 dxc4 10. bxc4 Qb6 11. Qb3 Nbd7 12. Qa3 Rfd8 13. Bc3 Qc5 14. Qb3
Nb6 15. Na3 Rd3 16. Rae1 Ne8 17. Re3 Rad8 18. Qb4 Qxb4 19. Bxb4 e6 20. Rb1 Na4
21. Bf1 R3d7 22. Rbb3 c5 23. Bc3 Nxc3 24. dxc3 b6 25. Kg2 Rd2 26. Nb5 Rxa2 27.
Rd3 Rxd3 28. Bxd3 Kf8 29. f4 Ke7 30. Ra3 Rxa3 31. Nxa3 Nd6 32. Nb1 Kd7 33. Kf3
Kc6 34. Ke3 a6 35. Be2 b5 36. cxb5+ axb5 37. h4 h5 38. Kd3 c4+ 39. Kc2 Kc5 40.
Nd2 b4 41. cxb4+ Kxb4 42. f3 Bc3 43. Ne4 Nxe4 44. fxe4 Be1 45. g4 hxg4 46. Bxg4
Bxh4 47. f5 exf5 48. exf5 Bf6 49. fxg6 fxg6 50. Be6 Kc5 51. Kd2 Kd4 52. Ke2 Be5
53. Bg8 g5 54. Be6 Bf4 55. Bc8 c3 56. Bf5 g4 57. Bc2 g3 58. Kf3 Be5 59. Ke2 Kc4
60. Be4 Kb3 0-1

[Event "Superettan(Orgryte-Kamraterna)"]
[Site "?"]
[Date "2020.02.01"]
[Round "5"]
[White "Le, Quang Long"]
[Black "Svenn, Gosta"]
[Result "1-0"]
[WhiteElo "2418"]
[BlackElo "2301"]
[PlyCount "81"]
[EventDate "2020.??.??"]
1. Nf3 e6 2. b3 f5 3. Bb2 Nf6 4. g3 Be7 5. Bg2 O-O 6. O-O d6 7. d4 Qe8 8. c4
Qh5 9. Nc3 Ne4 10. Qc2 Nxc3 11. Bxc3 Nd7 12. e4 fxe4 13. Qxe4 e5 14. dxe5 Nc5
15. Qe3 Bg4 16. exd6 Bxd6 17. Qg5 Qxg5 18. Nxg5 c6 19. h3 Be2 20. Rfe1 Rae8 21.
Bf1 Bxf1 22. Rxe8 Rxe8 23. Kxf1 Rf8 24. Kg2 Re8 25. Rd1 Bc7 26. Bd4 Bb6 27. b4
Nd7 28. Bxg7 Re2 29. c5 Bd8 30. Rxd7 Bxg5 31. Rxb7 Rxa2 32. Kf3 Bd2 33. Bd4 Ra4
34. Rg7+ Kf8 35. Rxh7 Bxb4 36. h4 Be1 37. Be3 a5 38. h5 Rb4 39. g4 a4 40. Ra7
Bc3 41. h6 1-0

[Event "Superettan(Kungstornet-Rockaden, Umea)"]
[Site "?"]
[Date "2020.02.01"]
[Round "5"]
[White "Lyrberg, Patrik"]
[Black "Malmstig, Erik"]
[Result "1-0"]
[WhiteElo "2452"]
[BlackElo "2206"]
[PlyCount "109"]
[EventDate "2020.??.??"]
1. d4 Nf6 2. c4 c5 3. d5 b5 4. cxb5 a6 5. b6 d6 6. Nc3 Nbd7 7. e4 g6 8. Nf3 Bg7
9. a4 a5 10. Bb5 O-O 11. O-O Nxb6 12. Re1 Bb7 13. h3 Qc7 14. Bf4 Nh5 15. Bh2
Bh6 16. Bf1 f6 17. Qb3 Nd7 18. e5 fxe5 19. Nxe5 Nxe5 20. Rxe5 Nf4 21. Re4 Rab8
22. Bxf4 Bxf4 23. g3 Bh6 24. Be2 Bc8 25. Nb5 Qd8 26. Bg4 Bf5 27. Bxf5 Rxf5 28.
Rae1 Rb7 29. h4 Bd2 30. R1e2 Bb4 31. Kg2 Kg7 32. Re6 Qf8 33. Qc4 Rf6 34. b3
Rxe6 35. Rxe6 Qf5 36. f4 Kf8 37. Qe4 Qxe4+ 38. Rxe4 Kf7 39. Kf3 Rd7 40. Kg4 Rb7
41. Re6 Kg7 42. h5 gxh5+ 43. Kxh5 Rd7 44. f5 Bd2 45. f6+ exf6 46. Nxd6 Bc3 47.
Nf5+ Kf7 48. Rd6 Rb7 49. Rc6 Rxb3 50. Rc7+ Ke8 51. Ng7+ Kf8 52. Ne6+ Kg8 53.
Rg7+ Kh8 54. Re7 h6 55. d6 1-0

[Event "Superettan(Kristallen-Rockaden,SthlmII)"]
[Site "?"]
[Date "2020.02.01"]
[Round "5"]
[White "Walinder, Lars"]
[Black "Berovski, Krum"]
[Result "0-1"]
[WhiteElo "2280"]
[BlackElo "2338"]
[PlyCount "60"]
[EventDate "2020.??.??"]
1. c4 Nf6 2. Nc3 e6 3. Nf3 d5 4. e3 Be7 5. b3 O-O 6. Bb2 b6 7. cxd5 exd5 8. d4
Bb7 9. Ne5 Nbd7 10. f4 c5 11. Bd3 cxd4 12. exd4 Ne4 13. O-O Ndf6 14. Qe2 Nxc3
15. Bxc3 Ne4 16. Bb2 f6 17. Ng4 Rc8 18. Rac1 Rxc1 19. Bxc1 Bd6 20. Qf3 Qc7 21.
Bb2 f5 22. Ne5 Bxe5 23. dxe5 Qc5+ 24. Kh1 Nd2 25. Qh3 Nxf1 26. Bxf5 h6 27. Bd3
Bc8 28. e6 Qe7 29. f5 Nd2 30. Qg3 Ne4 0-1

[Event "Superettan(Orgryte-Kamraterna)"]
[Site "?"]
[Date "2020.02.01"]
[Round "5"]
[White "Svensson, Bengt"]
[Black "Ziegler, Ari"]
[Result "1-0"]
[WhiteElo "2314"]
[BlackElo "2305"]
[PlyCount "59"]
[EventDate "2020.??.??"]
1. e4 g6 2. d4 Bg7 3. Nc3 c6 4. Nf3 d6 5. h3 Nf6 6. Be3 O-O 7. Qd2 b5 8. Bd3 b4
9. Ne2 a5 10. Ng3 Nbd7 11. Bh6 e5 12. Bxg7 Kxg7 13. c3 c5 14. O-O cxd4 15. cxd4
Qb6 16. Qg5 exd4 17. Nf5+ Kh8 18. N5xd4 Qc5 19. Qf4 Nh5 20. Qh6 Bb7 21. Rac1
Qb6 22. Ng5 Nhf6 23. Nf5 gxf5 24. e5 dxe5 25. Bxf5 Bd5 26. Bxd7 Rg8 27. Rc6 Rg6
28. Qxg6 Qxc6 29. Bxc6 fxg6 30. Bxa8 1-0

[Event "Superettan(Kungstornet-Rockaden, Umea)"]
[Site "?"]
[Date "2020.02.01"]
[Round "5"]
[White "Nygren, David"]
[Black "Andersson, Fredrik"]
[Result "0-1"]
[WhiteElo "2298"]
[BlackElo "2281"]
[PlyCount "100"]
[EventDate "2020.??.??"]
1. e4 c5 2. c3 Nf6 3. e5 Nd5 4. d4 cxd4 5. cxd4 e6 6. Nf3 d6 7. a3 Bd7 8. Bd3
Bc6 9. O-O Nd7 10. b4 a6 11. Re1 dxe5 12. dxe5 Be7 13. Nbd2 a5 14. Nd4 axb4 15.
Qg4 g5 16. Nxe6 fxe6 17. Qh5+ Kf8 18. Bxh7 Nf4 19. Qh6+ Kf7 20. Nf3 Qf8 21.
Nxg5+ Bxg5 22. Qxg5 Nh3+ 23. gxh3 Rxh7 24. Qg3 Rg7 25. Bg5 Rxa3 26. Rxa3 bxa3
27. h4 Qb4 28. f4 a2 29. Qf2 Qc5 30. f5 Qxf2+ 31. Kxf2 Nxe5 32. fxe6+ Kxe6 33.
Bf4 a1=Q 34. Rxa1 Nd3+ 35. Ke3 Nxf4 36. Kxf4 Kf6 37. Ra5 Kg6 38. Re5 Kh6 39.
Kf5 Rf7+ 40. Kg4 Bd7+ 41. Kg3 Rf5 42. Re3 Rd5 43. Rb3 Bc6 44. Re3 Kg6 45. Kg4
Rd4+ 46. Kg3 Kf5 47. h3 Be4 48. Re2 Rd3+ 49. Kh2 Kf4 50. Rf2+ Bf3 0-1

[Event "Superettan(Kristallen-Rockaden,SthlmII)"]
[Site "?"]
[Date "2020.02.01"]
[Round "5"]
[White "Kenneskog, Theodor"]
[Black "Andersson, Goran L"]
[Result "0-1"]
[WhiteElo "2302"]
[BlackElo "2269"]
[PlyCount "64"]
[EventDate "2020.??.??"]
1. c4 e6 2. Nc3 d5 3. d4 Bb4 4. a3 Bxc3+ 5. bxc3 dxc4 6. e3 Qd5 7. Nf3 b5 8. g3
Bb7 9. Bg2 c5 10. O-O Nf6 11. Rb1 Bc6 12. a4 bxa4 13. Ba3 Nbd7 14. e4 Nxe4 15.
Nd2 f5 16. Re1 Ndf6 17. Bxc5 Kf7 18. Qc2 Rhb8 19. Rxb8 Rxb8 20. Bxa7 Rb3 21.
Nxb3 cxb3 22. Qb2 Qa5 23. Bb8 Bd5 24. Qa3 Qxc3 25. Rf1 Qxd4 26. Bf4 Nc3 27. Be3
Ne2+ 28. Kh1 Bxg2+ 29. Kxg2 Qe4+ 30. Kh3 f4 31. Bc5 Qf5+ 32. Kg2 f3+ 0-1

[Event "Superettan(Orgryte-Kamraterna)"]
[Site "?"]
[Date "2020.02.01"]
[Round "5"]
[White "Olsson, William"]
[Black "Aberg, Anton"]
[Result "1/2-1/2"]
[WhiteElo "2284"]
[BlackElo "2342"]
[PlyCount "72"]
[EventDate "2020.??.??"]
1. c4 f5 2. Nc3 Nf6 3. g3 e5 4. Bg2 Be7 5. d3 O-O 6. Nf3 d6 7. O-O Kh8 8. Rb1
c6 9. b4 e4 10. dxe4 fxe4 11. Nd4 d5 12. cxd5 cxd5 13. b5 Qc7 14. Qb3 Qe5 15.
Rd1 Nbd7 16. Bf4 Qh5 17. Ne6 Nc5 18. Nxc5 Bxc5 19. e3 Bg4 20. Rd2 Rfd8 21. Rc1
Bb6 22. Qb4 Rac8 23. Rdc2 Rc4 24. Qb2 Bh3 25. Ne2 Ng4 26. Bh1 Nxh2 27. Kxh2
Bg4+ 28. Kg1 Bf3 29. Bg2 Bxe2 30. Be5 Rg8 31. Rxc4 Bxc4 32. Bxe4 dxe4 33. Rxc4
Qd1+ 34. Kg2 Qf3+ 35. Kg1 Qd1+ 36. Kg2 Qf3+ 1/2-1/2

[Event "Superettan(Kungstornet-Rockaden, Umea)"]
[Site "?"]
[Date "2020.02.01"]
[Round "5"]
[White "Backlund, Anders"]
[Black "Lindgren, Fredrik"]
[Result "1-0"]
[WhiteElo "2278"]
[BlackElo "2266"]
[PlyCount "69"]
[EventDate "2020.??.??"]
1. c4 c5 2. Nc3 e6 3. Nf3 d5 4. cxd5 exd5 5. d4 Nc6 6. g3 Nf6 7. Bg2 cxd4 8.
Nxd4 Be7 9. O-O O-O 10. b3 Re8 11. Bb2 Bc5 12. Nxc6 bxc6 13. Na4 Bf8 14. Qc2
Bd7 15. Bd4 Ne4 16. e3 Qa5 17. Rfc1 Rac8 18. Nc5 Bf5 19. Nxe4 Bxe4 20. Bxe4
Rxe4 21. Bc5 g6 22. Bxf8 Kxf8 23. Qd3 Qb6 24. Rc3 f5 25. Rac1 Kf7 26. Rc5 Rc7
27. Qc3 d4 28. exd4 Rd7 29. Qc4+ Kg7 30. Rd1 Rd6 31. Qc3 Kg8 32. d5 cxd5 33.
Rc8+ Kf7 34. Qh8 Re7 35. Qf8+ 1-0

[Event "Superettan(Kristallen-Rockaden,SthlmII)"]
[Site "?"]
[Date "2020.02.01"]
[Round "5"]
[White "Naslund, Mikael"]
[Black "Crevatin, Leo"]
[Result "1/2-1/2"]
[WhiteElo "2148"]
[BlackElo "2247"]
[PlyCount "137"]
[EventDate "2020.??.??"]
1. d4 d5 2. Nf3 Nf6 3. c4 c6 4. Qb3 dxc4 5. Qxc4 Bg4 6. Nc3 Nbd7 7. e4 e5 8.
Nxe5 Nxe5 9. dxe5 Be6 10. Qd3 Qxd3 11. Bxd3 Ng4 12. Bf4 Bc5 13. O-O Bd4 14. Be2
Nxe5 15. Rfd1 Ng6 16. Bd6 Bb6 17. Na4 Bd8 18. f4 Ne7 19. f5 Bc8 20. Nc5 O-O 21.
g4 Re8 22. Bc4 a5 23. a4 b6 24. Nd3 Ba6 25. Bb3 Bxd3 26. Rxd3 Nc8 27. Bg3 Bf6
28. e5 Be7 29. Rad1 Bc5+ 30. Kg2 Ne7 31. Rd7 h6 32. Rb7 Rad8 33. Rbd7 Nd5 34.
Rxd8 Rxd8 35. Kf3 Be7 36. Ke4 Nb4 37. Rxd8+ Bxd8 38. e6 fxe6 39. fxe6 Kf8 40.
Bd6+ Be7 41. Bc7 Na6 42. Bxb6 Nc5+ 43. Bxc5 Bxc5 44. Bc2 Ke7 45. Kf5 Bd6 46. h3
c5 47. Bd3 Bg3 48. Bc4 Bf2 49. Kg6 Bd4 50. b3 Bf6 51. Kh5 Kd6 52. Kg6 Ke7 53.
Kh5 Kd6 54. h4 Ke7 55. g5 hxg5 56. hxg5 Be5 57. Kg6 Bd4 58. Kf5 Be3 59. g6 Bd4
60. Ke4 Bc3 61. Kd5 Bb4 62. Kc6 Be1 63. Kxc5 Bb4+ 64. Kc6 Be1 65. Kc5 Bb4+ 66.
Kc6 Be1 67. Kb6 Bb4 68. Kb5 Be1 69. Kc5 1/2-1/2

[Event "Superettan(Orgryte-Kamraterna)"]
[Site "?"]
[Date "2020.02.01"]
[Round "5"]
[White "Mohammadi, Amir"]
[Black "Torngren, Gustav"]
[Result "1/2-1/2"]
[WhiteElo "2294"]
[BlackElo "2277"]
[PlyCount "134"]
[EventDate "2020.??.??"]
1. e4 e6 2. d3 d5 3. Nd2 Nf6 4. e5 Nfd7 5. f4 c5 6. Ngf3 Nc6 7. g3 Be7 8. Bh3
g5 9. fxg5 Ndxe5 10. Nxe5 Nxe5 11. Nf3 Bd6 12. Rf1 Ng6 13. Qe2 Qc7 14. Rf2 Bd7
15. Bd2 O-O-O 16. O-O-O Rhe8 17. Rdf1 Nh8 18. Nh4 Bb5 19. c4 Bc6 20. Qh5 dxc4
21. dxc4 Be4 22. Qe2 Bc6 23. Bc3 Bxg3 24. hxg3 Qxg3 25. Qg4 Qe3+ 26. Rd2 Rxd2
27. Bxd2 Qd3 28. Rf3 Bxf3 29. Nxf3 Rd8 30. Bg2 Qe2 31. Qh3 Qxc4+ 32. Bc3 Qxa2
33. Nd2 Qa1+ 34. Kc2 Qa4+ 35. Kc1 Ng6 36. Qxh7 Qf4 37. Qh1 Rd7 38. Kb1 Rxd2 39.
Bxb7+ Kb8 40. Bxd2 Qxd2 41. Qc6 Qe1+ 42. Kc2 Qe2+ 43. Kc1 Qf1+ 44. Kc2 Qf5+ 45.
Kb3 Qd3+ 46. Ka2 Qd5+ 47. Qxd5 exd5 48. Bxd5 Ne5 49. Kb3 Kc7 50. Be4 Kb6 51.
Kc3 Kc7 52. Kb3 Kd6 53. Ka4 Ng6 54. Kb5 Ke5 55. Bb1 Nf8 56. Kc6 Ne6 57. g6 fxg6
58. Bxg6 Kd4 59. Kb7 Nf4 60. Bh7 a5 61. Ka6 a4 62. Kb5 c4 63. Kxa4 Nd3 64. Ka3
Kc5 65. Bg8 Ne5 66. Bxc4 Nxc4+ 67. Ka2 Nxb2 1/2-1/2